000 00629nam a2200253Ia 4500
003 OSt
005 20221007105150.0
006 a|||||r|||| 00| 0
007 ta
008 221006b |||||||| |||| 00| 0 eng d
024 _a17,819
037 _cTextual
040 _aLCO
_cLCO
_beng
041 _2eng
_aeng
082 _aZ2,315, L7
100 _aSinghal J.P
_979886
245 0 _aIndian Partnership Act
250 _a4th
260 _aAllahabad
_bLaw Book Company India
_c1977
300 _a1209
650 _aPARTNERSHIP
942 _hZ2,315, L7
_cTEXL
999 _c1187382
_d1187382